书目信息 |
| 题名: |
班会课可以这么上
|
|
| 作者: | 全远姬 主编 | |
| 分册: | ||
| 出版信息: | 北京 华夏出版社有限公司 2020.07 |
|
| 页数: | 225页 | |
| 开本: | 24cm | |
| 丛书名: | ||
| 单 册: | ||
| 中图分类: | G635.5 | |
| 科图分类: | ||
| 主题词: | 班会--教案(教育)--中小学 | |
| 电子资源: | ||
| ISBN: | 978-7-5080-9938-5 | |
| 000 | 01184nam0 2200253 450 | |
| 001 | 0108153900 | |
| 005 | 20210308154400.0 | |
| 010 | @a978-7-5080-9938-5@dCNY49.80 | |
| 100 | @a20201117d2020 em y0chiy50 ea | |
| 101 | 0 | @achi |
| 102 | @aCN@b110000 | |
| 105 | @ay z 000yy | |
| 106 | @ar | |
| 200 | 1 | @a班会课可以这么上@Aban hui ke ke yi zhe me shang@e放大招 施小计@f全远姬主编 |
| 210 | @a北京@c华夏出版社有限公司@d2020.07 | |
| 215 | @a225页@d24cm | |
| 314 | @a金远姬,中学高级教师,现任深圳市福田区外国语学校副校长。二十多年来致力于爱的教育,注重学得和习得间的结合、学科间的联系、校内外的沟通。坚持班级文化氛围的营造,坚信情商培养在孩子成长中的重要意义,相信每个孩子的心灵深处都有一棵会开花的树,相信每一个孩子都可以有芦斤作为。 | |
| 330 | @a本书通过兴趣培养、习惯养成、情绪调节、生活适应、习练方法、通畅表达以及有效合作七个栏目,以优质课例来凸显班会课的内涵和作用,为学生的健康成长助力,为中小学教师提供案例,为学校的班级管理提供借鉴。 | |
| 517 | 1 | @a放大招 施小计@Afang da zhao shi xiao ji |
| 606 | 0 | @a班会@x教案(教育)@x中小学 |
| 690 | @aG635.5@v5 | |
| 701 | 0 | @a全远姬@Aquan yuan ji@4主编@c(女) |
| 801 | 0 | @aCN@bBJSZM@c20210308 |
| 905 | @b1270907-11@dG631@e943@f5 | |
| 班会课可以这么上:放大招 施小计/全远姬主编.-北京:华夏出版社有限公司,2020.07 |
| 225页;24cm |
| ISBN 978-7-5080-9938-5:CNY49.80 |
| 本书通过兴趣培养、习惯养成、情绪调节、生活适应、习练方法、通畅表达以及有效合作七个栏目,以优质课例来凸显班会课的内涵和作用,为学生的健康成长助力,为中小学教师提供案例,为学校的班级管理提供借鉴。 |
| ● |
| 相关链接 |
|
|
|
|
正题名:班会课可以这么上
索取号:G631/943
 
预约/预借
| 序号 | 登录号 | 条形码 | 馆藏地/架位号 | 状态 | 备注 |
| 1 | 1270907 | 212709078 | 教育系资料室/ [索取号:G631/943] | 在馆 | |
| 2 | 1270908 | 212709087 | 教育系资料室/ [索取号:G631/943] | 在馆 | |
| 3 | 1270909 | 212709096 | 教育系资料室/ [索取号:G631/943] | 在馆 | |
| 4 | 1270910 | 212709103 | 第四借阅区/ [索取号:G631/943] | 在馆 | |
| 5 | 1270911 | 212709112 | 第四借阅区/ [索取号:G631/943] | 在馆 | |
| 6 | 1287817 | 212878171 | 第一样本阅览室/ [索取号:G631/943] | 在馆 | |
| 7 | 1287818 | 212878180 | 第四借阅区/ [索取号:G631/943] | 在馆 | |
| 8 | 1287819 | 212878199 | 第四借阅区/ [索取号:G631/943] | 在馆 | |
| 9 | 1287820 | 212878206 | 第四借阅区/ [索取号:G631/943] | 在馆 |